[Event "17. Obert Int. Sant Marti 2015 - B"]
[Site "Barcelona ESP"]
[Date "2015.07.20"]
[Round "8.52"]
[White "Muñoz Jordan, Carlos"]
[Black "Valero Recalde, Pablo"]
[Result "1/2-1/2"]
[WhiteElo "1889"]
[BlackElo "1800"]
[PlyCount "108"]
[EventDate "2015.07.13"]
[EventType "swiss"]
[EventRounds "9"]
[EventCountry "ESP"]
[SourceTitle "Ajedrez en Madrid"]
[Source "lmi"]
[SourceDate "2015.07.13"]
[SourceVersion "1"]
[SourceVersionDate "2019.06.21"]
[SourceQuality "1"]

1. e4 Nf6 2. e5 Nd5 3. d4 d6 4. c4 Nb6 5. Nf3 Bg4 6. exd6 cxd6 7. b3 g6 8. Be2
Bg7 9. Be3 O-O 10. O-O e5 11. h3 Bc8 12. Nc3 N6d7 13. Nb5 e4 14. Nh2 Nf6 15.
Bf4 Ne8 16. Nc3 f5 17. f3 Nf6 18. Qd2 Nh5 19. fxe4 Nxf4 20. Rxf4 Bh6 21. Raf1
Bxf4 22. Qxf4 fxe4 23. Qxe4 Rxf1+ 24. Nxf1 Nc6 25. Qd5+ Kh8 26. a3 Qe7 27. Bf3
Be6 28. Qe4 Bf5 29. Qxe7 Nxe7 30. Nb5 Bc2 31. Bxb7 Rb8 32. Nxd6 Bxb3 33. c5 Bd5
34. Bxd5 Nxd5 35. Nd2 Nc3 36. Kf2 Rb2 37. Ke3 Nd1+ 38. Ke2 Nc3+ 39. Ke1 Nd5 40.
Nc8 Rb7 41. Nc4 Kg7 42. N8d6 Re7+ 43. Ne5 Kf6 44. Ke2 Rxe5+ 45. dxe5+ Kxe5 46.
Nc8 a6 47. c6 Nc7 48. Ke3 Kd5 49. Kf4 Ne6+ 50. Ke3 Kxc6 51. Ne7+ Kd6 52. Nc8+
Kc7 53. Ne7 Kd6 54. Nc8+ Kc7 1/2-1/2

[Event "17. Obert Int. Sant Marti 2015 - B"]
[Site "Barcelona ESP"]
[Date "2015.07.20"]
[Round "8.53"]
[White "Molina Tabernero, Jordi"]
[Black "Mas Sayos, Lluis"]
[Result "0-1"]
[WhiteElo "1729"]
[BlackElo "1863"]
[PlyCount "56"]
[EventDate "2015.07.13"]
[EventType "swiss"]
[EventRounds "9"]
[EventCountry "ESP"]
[SourceTitle "Ajedrez en Madrid"]
[Source "lmi"]
[SourceDate "2015.07.13"]
[SourceVersion "1"]
[SourceVersionDate "2019.06.21"]
[SourceQuality "1"]

1. d4 Nf6 2. Bg5 d5 3. Bxf6 exf6 4. Nc3 Bb4 5. Qd2 c6 6. a3 Ba5 7. e3 O-O 8.
Bd3 Bg4 9. h3 Bh5 10. g4 Bg6 11. f4 Bxd3 12. Qxd3 Re8 13. O-O-O b5 14. b4 Bc7
15. Nf3 Qe7 16. Rde1 a5 17. Na2 Na6 18. c3 axb4 19. cxb4 Bd6 20. Qb1 Qa7 21.
Re2 Nc7 22. g5 Qxa3+ 23. Qb2 Rxe3 24. Qxa3 Rexa3 25. Kb1 Rxf3 26. gxf6 Rxf4 27.
Rg1 Rxf6 28. Reg2 Rg6 0-1

[Event "17. Obert Int. Sant Marti 2015 - B"]
[Site "Barcelona ESP"]
[Date "2015.07.20"]
[Round "8.54"]
[White "Lopez Abaurrea, Eduard"]
[Black "Garcia Gil, Jose Antonio"]
[Result "1-0"]
[WhiteElo "1756"]
[BlackElo "1852"]
[PlyCount "113"]
[EventDate "2015.07.13"]
[EventType "swiss"]
[EventRounds "9"]
[EventCountry "ESP"]
[SourceTitle "Ajedrez en Madrid"]
[Source "lmi"]
[SourceDate "2015.07.13"]
[SourceVersion "1"]
[SourceVersionDate "2019.06.21"]
[SourceQuality "1"]

1. d4 d5 2. c4 c6 3. cxd5 Qxd5 4. Nc3 Qa5 5. Bd2 Qc7 6. Nf3 e6 7. e3 Nf6 8. h3
Nbd7 9. Rc1 a6 10. a3 Be7 11. Bd3 Nd5 12. Nxd5 exd5 13. Qc2 Nf6 14. Bb4 h6 15.
Bxe7 Qxe7 16. Ne5 Be6 17. Nxc6 Qc7 18. Ne5 Qxc2 19. Rxc2 Rc8 20. Rxc8+ Bxc8 21.
Ke2 Ne4 22. Rc1 Nd6 23. Kd2 O-O 24. Rc5 Be6 25. Rc7 Rc8 26. Rc3 Rxc3 27. Kxc3
Kf8 28. Kb4 Ke7 29. Ka5 Kd8 30. Kb6 Kc8 31. f3 Kb8 32. e4 Nc8+ 33. Kc5 Kc7 34.
Kb4 Na7 35. exd5 Bxd5 36. Bc4 Nc6+ 37. Kc5 Nxe5 38. dxe5 Bxc4 39. Kxc4 Kc6 40.
a4 b6 41. Kd4 h5 42. g4 hxg4 43. hxg4 b5 44. b3 g5 45. a5 Kd7 46. Kd5 b4 47.
Kc5 Ke6 48. Kb6 Kd7 49. Kxa6 Kc6 50. Ka7 Kc7 51. Ka8 Kc8 52. Ka7 Kc7 53. a6 Kc8
54. Kb6 Kb8 55. Kc6 Ka7 56. Kd6 Kxa6 57. Ke7 1-0

[Event "17. Obert Int. Sant Marti 2015 - B"]
[Site "Barcelona ESP"]
[Date "2015.07.20"]
[Round "8.55"]
[White "Gracia Vila, Frederic"]
[Black "Izquierdo Pujol, Pol"]
[Result "1-0"]
[WhiteElo "1727"]
[BlackElo "1832"]
[PlyCount "65"]
[EventDate "2015.07.13"]
[EventType "swiss"]
[EventRounds "9"]
[EventCountry "ESP"]
[SourceTitle "Ajedrez en Madrid"]
[Source "lmi"]
[SourceDate "2015.07.13"]
[SourceVersion "1"]
[SourceVersionDate "2019.06.21"]
[SourceQuality "1"]

1. d4 d5 2. c4 e5 3. e3 e4 4. cxd5 Nf6 5. Ne2 Bf5 6. Nbc3 Nxd5 7. Qb3 Bb4 8.
Ng3 Be6 9. Qa4+ Bd7 10. Qb3 Be6 11. Qc2 f5 12. Bd2 Nc6 13. a3 Ba5 14. b4 Bb6
15. Na4 O-O 16. Bc4 Qd7 17. Qb3 Rfe8 18. Nxf5 Bxf5 19. Bxd5+ Be6 20. Bxe6+ Rxe6
21. Nc5 Bxc5 22. bxc5 Nd8 23. O-O Kh8 24. f4 Rg6 25. Qc2 Qf5 26. Be1 c6 27. Bg3
Nf7 28. Rfd1 Nh6 29. Qe2 Ng4 30. h3 Nf6 31. Kf2 Nh5 32. Bh2 Rf6 33. g4 1-0

[Event "17. Obert Int. Sant Marti 2015 - B"]
[Site "Barcelona ESP"]
[Date "2015.07.20"]
[Round "8.56"]
[White "Romano Cases, Jordi"]
[Black "Pico Garcia, Antonio"]
[Result "1-0"]
[WhiteElo "1700"]
[BlackElo "1821"]
[PlyCount "109"]
[EventDate "2015.07.13"]
[EventType "swiss"]
[EventRounds "9"]
[EventCountry "ESP"]
[SourceTitle "Ajedrez en Madrid"]
[Source "lmi"]
[SourceDate "2015.07.13"]
[SourceVersion "1"]
[SourceVersionDate "2019.06.21"]
[SourceQuality "1"]

1. e4 d5 2. exd5 Qxd5 3. Nc3 Qa5 4. d4 c6 5. Nf3 Nf6 6. Bd3 Bg4 7. O-O e6 8.
Bd2 Qc7 9. Re1 Be7 10. Ne4 Nbd7 11. g3 O-O 12. Bf4 Qb6 13. b3 Bxf3 14. Qxf3
Qxd4 15. Be3 Qd5 16. Nxf6+ Bxf6 17. Qxd5 cxd5 18. Rac1 Ne5 19. Be2 b6 20. f4
Ng6 21. Red1 Ne7 22. Bd4 Bxd4+ 23. Rxd4 Nf5 24. Rd2 Rac8 25. g4 Nd6 26. c4 Ne4
27. Rdc2 d4 28. Bd3 Nc5 29. Rd2 Nxd3 30. Rxd3 Rfd8 31. Rcd1 h6 32. Rxd4 Re8 33.
Rd7 Ra8 34. Kf2 Kf8 35. Kf3 g6 36. b4 Rec8 37. Rc1 Rd8 38. Rcd1 Ke8 39. Rxd8+
Rxd8 40. Rxd8+ Kxd8 41. Ke4 Ke7 42. c5 b5 43. f5 g5 44. fxe6 Kxe6 45. c6 Kd6
46. Kf5 Kxc6 47. Kf6 Kd5 48. Kxf7 Ke5 49. Kg6 Kf4 50. h3 Kg3 51. Kxh6 Kh4 52.
Kg6 a6 53. a3 Kxh3 54. Kxg5 Kg3 55. Kf5 1-0

[Event "17. Obert Int. Sant Marti 2015 - B"]
[Site "Barcelona ESP"]
[Date "2015.07.20"]
[Round "8.57"]
[White "Lopez Oliva, Victor"]
[Black "Minko, Uliana"]
[Result "1-0"]
[WhiteElo "1753"]
[BlackElo "1270"]
[PlyCount "77"]
[EventDate "2015.07.13"]
[EventType "swiss"]
[EventRounds "9"]
[EventCountry "ESP"]
[SourceTitle "Ajedrez en Madrid"]
[Source "lmi"]
[SourceDate "2015.07.13"]
[SourceVersion "1"]
[SourceVersionDate "2019.06.21"]
[SourceQuality "1"]

1. e4 e6 2. d4 d5 3. exd5 exd5 4. c4 c5 5. Nf3 Nf6 6. Nc3 b6 7. Bg5 Be7 8. Bxf6
gxf6 9. Nxd5 Bb7 10. Nxe7 Qxe7+ 11. Qe2 Qxe2+ 12. Bxe2 cxd4 13. O-O Nc6 14.
Rad1 O-O-O 15. Rd2 Rd6 16. Rfd1 Rhd8 17. a3 Kc7 18. b4 Bc8 19. b5 Ne5 20. Nxd4
Kb8 21. Nc6+ Nxc6 22. Rxd6 Rxd6 23. Rxd6 Na5 24. Rxf6 Be6 25. Rf4 Nb3 26. Rh4
Bf5 27. Bh5 f6 28. Rf4 Bd3 29. Rxf6 Bxc4 30. Rf8+ Kc7 31. Ra8 Bxb5 32. Rxa7+
Kc6 33. Be8+ Kc5 34. Rc7+ Kd6 35. Rb7 Bxe8 36. Rxb6+ Kc5 37. Rxb3 h5 38. Re3
Kc4 39. Rxe8 1-0

[Event "17. Obert Int. Sant Marti 2015 - B"]
[Site "Barcelona ESP"]
[Date "2015.07.20"]
[Round "8.58"]
[White "Ortega Farrus, Alfonso"]
[Black "Ani, Virgil"]
[Result "0-1"]
[WhiteElo "1704"]
[BlackElo "1826"]
[PlyCount "102"]
[EventDate "2015.07.13"]
[EventType "swiss"]
[EventRounds "9"]
[EventCountry "ESP"]
[SourceTitle "Ajedrez en Madrid"]
[Source "lmi"]
[SourceDate "2015.07.13"]
[SourceVersion "1"]
[SourceVersionDate "2019.06.21"]
[SourceQuality "1"]

1. c4 c5 2. Nc3 Nc6 3. Nf3 Nf6 4. g3 b6 5. Bg2 Bb7 6. O-O g6 7. d3 Bg7 8. Bd2
O-O 9. Rb1 e6 10. a3 d5 11. cxd5 exd5 12. Bg5 Qd7 13. d4 c4 14. Bxf6 Bxf6 15.
e3 Rad8 16. Qc2 Ne7 17. Ne2 Bg7 18. Nf4 Nf5 19. Bh3 Rfe8 20. Bxf5 gxf5 21. Qe2
Qe7 22. Rfd1 Rd6 23. h4 Kh8 24. Qf1 Rh6 25. Qh3 Bc8 26. Qg2 Rd6 27. Ng5 Bb7 28.
Nh5 Bh6 29. Nf3 f6 30. Qh3 Bc8 31. Nf4 Bxf4 32. exf4 Qg7 33. Re1 Re4 34. h5 Rd8
35. Qh4 Rde8 36. Rxe4 dxe4 37. Nd2 b5 38. a4 e3 39. fxe3 Rxe3 40. Nf1 Rd3 41.
axb5 Rxd4 42. Ra1 Rd7 43. Re1 Re7 44. Rc1 Rc7 45. Re1 Bd7 46. Ne3 Rc5 47. Rd1
Qe7 48. Nd5 Rxd5 49. Rxd5 Qe3+ 50. Kg2 Qe4+ 51. Kh3 Qh1# 0-1

[Event "17. Obert Int. Sant Marti 2015 - B"]
[Site "Barcelona ESP"]
[Date "2015.07.20"]
[Round "8.59"]
[White "Martin Valentin, Manuel"]
[Black "Grasa Solanas, Oscar"]
[Result "0-1"]
[WhiteElo "1750"]
[BlackElo "1682"]
[PlyCount "54"]
[EventDate "2015.07.13"]
[EventType "swiss"]
[EventRounds "9"]
[EventCountry "ESP"]
[SourceTitle "Ajedrez en Madrid"]
[Source "lmi"]
[SourceDate "2015.07.13"]
[SourceVersion "1"]
[SourceVersionDate "2019.06.21"]
[SourceQuality "1"]

1. e4 d5 2. exd5 Qxd5 3. Nc3 Qd6 4. Nf3 Bg4 5. h3 Bh5 6. Be2 Nc6 7. g4 Bg6 8.
d4 a6 9. a3 O-O-O 10. Be3 Nf6 11. Qd2 h6 12. O-O-O Ne4 13. Nxe4 Bxe4 14. Rhg1
Qf6 15. g5 Qe6 16. Rg3 h5 17. Kb1 Qd5 18. Nh4 e6 19. f3 Bh7 20. f4 Be7 21. Bf3
Qb5 22. Be2 Qa4 23. Nf3 Rd5 24. Kc1 Rhd8 25. Qc3 Nb4 26. axb4 Bxb4 27. Qb3 Qa1#
0-1

[Event "17. Obert Int. Sant Marti 2015 - B"]
[Site "Barcelona ESP"]
[Date "2015.07.20"]
[Round "8.61"]
[White "Guinjoan Fradera, Joan"]
[Black "Bernat Mor, Juli"]
[Result "1-0"]
[WhiteElo "1726"]
[BlackElo "1687"]
[PlyCount "127"]
[EventDate "2015.07.13"]
[EventType "swiss"]
[EventRounds "9"]
[EventCountry "ESP"]
[SourceTitle "Ajedrez en Madrid"]
[Source "lmi"]
[SourceDate "2015.07.13"]
[SourceVersion "1"]
[SourceVersionDate "2019.06.21"]
[SourceQuality "1"]

1. e4 c6 2. d4 d5 3. Nc3 dxe4 4. Nxe4 Bf5 5. Ng3 Bg6 6. Nf3 h6 7. Bd3 Bxd3 8.
Qxd3 Nf6 9. O-O e6 10. Bf4 Na6 11. c3 Be7 12. Rad1 Nd5 13. Bc1 Bd6 14. Ne5 O-O
15. Ne4 Be7 16. f4 f5 17. Ng3 Re8 18. Qf3 c5 19. Qh5 Rf8 20. Ng6 Nf6 21. Qe2
Re8 22. Qxe6+ Kh7 23. Qxf5 Bd6 24. Ne5+ Kg8 25. Qg6 Nd5 26. Nf5 Qf6 27. Nxd6
Qxg6 28. Nxg6 Re6 29. Nf5 Kh7 30. Ngh4 Rae8 31. dxc5 Nf6 32. Nf3 Nxc5 33. Rfe1
Nce4 34. Ng3 Nxg3 35. hxg3 Ne4 36. f5 R6e7 37. Bf4 g5 38. fxg6+ Kxg6 39. Kf1
Kf5 40. Nd2 Nxd2+ 41. Bxd2 Rxe1+ 42. Rxe1 Rd8 43. Re2 Rd3 44. Bxh6 Rxg3 45. Kf2
Rg6 46. Be3 Kg4 47. g3 Rf6+ 48. Bf4 Ra6 49. a3 Rc6 50. Re7 Rc8 51. Re4 Kf5 52.
Re5+ Kg4 53. Re7 Rd8 54. Ke2 Rh8 55. Rxb7 Rh2+ 56. Kd3 Kf3 57. c4 Rh1 58. Rxa7
Rd1+ 59. Kc3 Rc1+ 60. Kb4 Rd1 61. c5 Rd4+ 62. Kb5 Rd3 63. b4 Rd8 64. Bd6 1-0

[Event "17. Obert Int. Sant Marti 2015 - B"]
[Site "Barcelona ESP"]
[Date "2015.07.20"]
[Round "8.62"]
[White "Siegel, Rainer"]
[Black "Ferrer Ache, Jesus"]
[Result "1-0"]
[WhiteElo "1647"]
[BlackElo "1723"]
[PlyCount "75"]
[EventDate "2015.07.13"]
[EventType "swiss"]
[EventRounds "9"]
[EventCountry "ESP"]
[SourceTitle "Ajedrez en Madrid"]
[Source "lmi"]
[SourceDate "2015.07.13"]
[SourceVersion "1"]
[SourceVersionDate "2019.06.21"]
[SourceQuality "1"]

1. Nf3 d5 2. e3 Bg4 3. h3 Bh5 4. b3 e6 5. Bb2 h6 6. Be2 Nd7 7. Nc3 c6 8. Nd4
Bxe2 9. Qxe2 Ngf6 10. O-O-O Qc7 11. f4 a5 12. a4 Be7 13. g4 Nc5 14. d3 Na6 15.
Nf3 Nc5 16. Ne5 Bd6 17. h4 O-O-O 18. g5 Ne8 19. g6 Bxe5 20. fxe5 fxg6 21. d4
Ne4 22. Nxe4 dxe4 23. Qg4 Qd7 24. Qxg6 Nc7 25. c4 Na6 26. Qxe4 Rhf8 27. Rdf1
Rxf1+ 28. Rxf1 Kb8 29. Qg6 c5 30. Rf7 Qc6 31. d5 Qb6 32. Qd3 Qb4 33. Qc3 exd5
34. Qxb4 Nxb4 35. e6 Nd3+ 36. Kc2 Nxb2 37. e7 Re8 38. Rf8 1-0

[Event "17. Obert Int. Sant Marti 2015 - B"]
[Site "Barcelona ESP"]
[Date "2015.07.20"]
[Round "8.63"]
[White "Bienvenido Kleque, Jose"]
[Black "Navarro Oliva, Ivan Tomás"]
[Result "1/2-1/2"]
[WhiteElo "1717"]
[BlackElo "1686"]
[PlyCount "67"]
[EventDate "2015.07.13"]
[EventType "swiss"]
[EventRounds "9"]
[EventCountry "ESP"]
[SourceTitle "Ajedrez en Madrid"]
[Source "lmi"]
[SourceDate "2015.07.13"]
[SourceVersion "1"]
[SourceVersionDate "2019.06.21"]
[SourceQuality "1"]

1. Nf3 d5 2. b3 Nc6 3. Bb2 Bg4 4. e3 e5 5. d3 Nf6 6. Be2 Bxf3 7. Bxf3 Bc5 8.
Nd2 O-O 9. O-O Re8 10. e4 d4 11. a3 b5 12. b4 Bd6 13. Re1 Ne7 14. Nf1 Ng6 15.
Ng3 Nf4 16. Nf5 Bf8 17. Bc1 Ne6 18. Bb2 c5 19. bxc5 Bxc5 20. Qd2 Nf4 21. Ng3 a5
22. Ne2 Ne6 23. Rec1 Qb6 24. Rd1 Rad8 25. Rf1 h6 26. g3 Ng5 27. Bg2 b4 28. a4
Be7 29. h3 Ngh7 30. Nc1 Nd7 31. Nb3 Bg5 32. Qd1 Be7 33. Qd2 Bg5 34. Qd1 1/2-1/2

[Event "17. Obert Int. Sant Marti 2015 - B"]
[Site "Barcelona ESP"]
[Date "2015.07.20"]
[Round "8.64"]
[White "Jimenez Rimblas, Raul"]
[Black "Ramos Fernández, Pilar"]
[Result "1-0"]
[WhiteElo "1708"]
[BlackElo "1609"]
[PlyCount "49"]
[EventDate "2015.07.13"]
[EventType "swiss"]
[EventRounds "9"]
[EventCountry "ESP"]
[SourceTitle "Ajedrez en Madrid"]
[Source "lmi"]
[SourceDate "2015.07.13"]
[SourceVersion "1"]
[SourceVersionDate "2019.06.21"]
[SourceQuality "1"]

1. e4 d5 2. exd5 Nf6 3. Nc3 Nxd5 4. Nxd5 Qxd5 5. d4 e5 6. Nf3 Nc6 7. Bd3 Bd7 8.
dxe5 Nb4 9. a3 Nc6 10. O-O O-O-O 11. h3 Re8 12. c4 Qe6 13. Re1 Bc5 14. b4 Nxe5
15. Rxe5 Qf6 16. Bb2 Bd6 17. Rxe8+ Rxe8 18. Bxf6 gxf6 19. c5 Bf4 20. a4 Rg8 21.
Bxh7 Rg7 22. Qe2 c6 23. Re1 Bxh3 24. Qe8+ Kc7 25. Re7+ 1-0

[Event "17. Obert Int. Sant Marti 2015 - B"]
[Site "Barcelona ESP"]
[Date "2015.07.20"]
[Round "8.65"]
[White "Ylla Soro, Rafael"]
[Black "Blanes Gay, Sir Nil"]
[Result "1-0"]
[WhiteElo "1811"]
[BlackElo "1679"]
[PlyCount "113"]
[EventDate "2015.07.13"]
[EventType "swiss"]
[EventRounds "9"]
[EventCountry "ESP"]
[SourceTitle "Ajedrez en Madrid"]
[Source "lmi"]
[SourceDate "2015.07.13"]
[SourceVersion "1"]
[SourceVersionDate "2019.06.21"]
[SourceQuality "1"]

1. e4 e5 2. f4 d6 3. Nf3 Nc6 4. d3 g6 5. Be2 Bg7 6. O-O Nge7 7. Nc3 O-O 8. Be3
Be6 9. Qd2 f5 10. Ng5 Qd7 11. Nxe6 Qxe6 12. fxe5 Qxe5 13. Bh6 Bxh6 14. Qxh6
fxe4 15. dxe4 d5 16. exd5 Nxd5 17. Bd3 Qe3+ 18. Qxe3 Nxe3 19. Rfe1 Rae8 20. Ne4
Ng4 21. Rad1 Nge5 22. Bb5 a6 23. Ba4 Rd8 24. Nc5 Rxd1 25. Rxd1 Rf4 26. Bb3+ Kh8
27. Nxb7 Nd4 28. Nc5 Ng4 29. Re1 Nxb3 30. Nxb3 Kg7 31. h3 Nh6 32. Re7+ Rf7 33.
Re6 Rf6 34. Nc5 a5 35. Ra6 Rxa6 36. Nxa6 c6 37. c4 Kf6 38. b3 Ke5 39. Kf2 Kd4
40. Ke2 Kc3 41. Nc5 Kb4 42. Nd3+ Ka3 43. Nc1 Nf5 44. Kd2 a4 45. bxa4 Kxa4 46.
Kc3 Ka3 47. Nd3 Kxa2 48. Nb4+ Ka3 49. Nxc6 Ka4 50. Ne5 Ka5 51. Nd7 Ka6 52. Kd3
Kb7 53. g4 Ne7 54. Kd4 Kc6 55. Ne5+ Kc7 56. Kc5 g5 57. Nf7 1-0

[Event "17. Obert Int. Sant Marti 2015 - B"]
[Site "Barcelona ESP"]
[Date "2015.07.20"]
[Round "8.66"]
[White "Tordera Jumilla, Joaquim"]
[Black "Castilla Casanova, Víctor"]
[Result "0-1"]
[WhiteElo "1545"]
[BlackElo "1713"]
[PlyCount "58"]
[EventDate "2015.07.13"]
[EventType "swiss"]
[EventRounds "9"]
[EventCountry "ESP"]
[SourceTitle "Ajedrez en Madrid"]
[Source "lmi"]
[SourceDate "2015.07.13"]
[SourceVersion "1"]
[SourceVersionDate "2019.06.21"]
[SourceQuality "1"]

1. e4 e5 2. Nf3 Nc6 3. Bc4 Nf6 4. d3 Bc5 5. O-O O-O 6. h3 d5 7. exd5 Nxd5 8.
Re1 Re8 9. Nc3 Nxc3 10. bxc3 Na5 11. Nxe5 Nxc4 12. Nxc4 Be6 13. d4 Bxd4 14.
Rxe6 Bxf2+ 15. Kxf2 Qxd1 16. Rxe8+ Rxe8 17. Ne3 Qd6 18. Nf5 Qf6 19. g4 g6 20.
g5 Qxf5+ 21. Kg3 Re1 22. Kg2 Qxc2+ 23. Bd2 Qxd2+ 24. Kf3 Rxa1 25. Ke4 Re1+ 26.
Kf3 Qe2+ 27. Kg3 Qe3+ 28. Kg2 Rg1+ 29. Kh2 Qf2# 0-1

[Event "17. Obert Int. Sant Marti 2015 - B"]
[Site "Barcelona ESP"]
[Date "2015.07.20"]
[Round "8.67"]
[White "Borja Casas, Jordi"]
[Black "Perez Serrallonga, Maxima"]
[Result "0-1"]
[WhiteElo "1764"]
[BlackElo "1655"]
[PlyCount "64"]
[EventDate "2015.07.13"]
[EventType "swiss"]
[EventRounds "9"]
[EventCountry "ESP"]
[SourceTitle "Ajedrez en Madrid"]
[Source "lmi"]
[SourceDate "2015.07.13"]
[SourceVersion "1"]
[SourceVersionDate "2019.06.21"]
[SourceQuality "1"]

1. e4 d6 2. d4 c6 3. Bc4 d5 4. exd5 cxd5 5. Bb5+ Bd7 6. Bxd7+ Nxd7 7. Nf3 e6 8.
O-O Ngf6 9. Bf4 Be7 10. Nc3 a6 11. Ne2 O-O 12. Qd3 Rc8 13. Rac1 Nb6 14. Ng5 h6
15. Nh3 Nc4 16. b3 Nd6 17. Bxd6 Bxd6 18. c4 b6 19. cxd5 exd5 20. Rxc8 Qxc8 21.
a4 a5 22. Nc3 Qb8 23. g3 Qc8 24. Nb5 Bb8 25. Qf3 Qxh3 26. Qg2 Qe6 27. Rc1 Qe2
28. Rc6 Ne4 29. Rxb6 Nd2 30. Kh1 Rc8 31. Qg1 Qf3+ 32. Qg2 Rc1# 0-1

[Event "17. Obert Int. Sant Marti 2015 - B"]
[Site "Barcelona ESP"]
[Date "2015.07.20"]
[Round "8.68"]
[White "Trabado Nieto, David"]
[Black "Marcelo, Diego Luis"]
[Result "1-0"]
[WhiteElo "1722"]
[BlackElo "1718"]
[PlyCount "55"]
[EventDate "2015.07.13"]
[EventType "swiss"]
[EventRounds "9"]
[EventCountry "ESP"]
[SourceTitle "Ajedrez en Madrid"]
[Source "lmi"]
[SourceDate "2015.07.13"]
[SourceVersion "1"]
[SourceVersionDate "2019.06.21"]
[SourceQuality "1"]

1. d4 d5 2. c4 c6 3. Nf3 Nf6 4. Nc3 Bf5 5. Bf4 Nbd7 6. cxd5 cxd5 7. e3 e6 8.
Bb5 a6 9. Bxd7+ Qxd7 10. Ne5 Qc8 11. O-O Bd6 12. Rc1 O-O 13. Ng6 fxg6 14. Bxd6
Rd8 15. Be7 Re8 16. Bxf6 gxf6 17. Nxd5 Qd8 18. Nc7 Qd7 19. Nxa8 Rxa8 20. Rc3
Qd5 21. Rc5 Qxa2 22. Qc1 Bd3 23. Re1 Kg7 24. Rc7+ Kh6 25. e4+ g5 26. Qc3 Bb5
27. Qh3+ Kg6 28. Qxh7# 1-0

[Event "17. Obert Int. Sant Marti 2015 - B"]
[Site "Barcelona ESP"]
[Date "2015.07.21"]
[Round "9.1"]
[White "Sobrevia Castellar, Lluis"]
[Black "Walter Travella, German"]
[Result "1/2-1/2"]
[WhiteElo "1999"]
[BlackElo "2028"]
[PlyCount "139"]
[EventDate "2015.07.13"]
[EventType "swiss"]
[EventRounds "9"]
[EventCountry "ESP"]
[SourceTitle "Ajedrez en Madrid"]
[Source "lmi"]
[SourceDate "2015.07.13"]
[SourceVersion "1"]
[SourceVersionDate "2019.06.21"]
[SourceQuality "1"]

1. d4 Nf6 2. Nf3 g6 3. c4 Bg7 4. Nc3 O-O 5. e3 d6 6. Be2 a5 7. b3 e5 8. Bb2 Nc6
9. a3 Ne8 10. d5 Ne7 11. b4 Nf5 12. g3 Nh6 13. Nd2 f5 14. Nb3 b6 15. bxa5 bxa5
16. Nb5 a4 17. Nc1 f4 18. exf4 exf4 19. Bxg7 Nxg7 20. Nd3 g5 21. f3 Qe7 22. Qd2
Bf5 23. O-O-O Qf6 24. Qb2 Qf7 25. gxf4 Bxd3 26. Rxd3 Qxf4+ 27. Qd2 Qxc4+ 28.
Rc3 Qf4 29. Qxf4 gxf4 30. Rxc7 Rfc8 31. Kd2 Rxc7 32. Nxc7 Rb8 33. Nb5 Nhf5 34.
Rc1 Ne3 35. Nxd6 Rb2+ 36. Kd3 Kf8 37. Nc4 Rb3+ 38. Kd4 Nxc4 39. Rxc4 Nf5+ 40.
Ke5 Ne7 41. Kd6 Rb6+ 42. Kc5 Rf6 43. Rxa4 Rf5 44. Ra8+ Kf7 45. Bc4 Rh5 46. Kd4
Nf5+ 47. Kc5 Ne3 48. Bb3 Ke7 49. Ra7+ Kd8 50. Kc6 Nf5 51. Ra8+ Ke7 52. Bc4 Rxh2
53. d6+ Nxd6 54. Ra7+ Kf6 55. Kxd6 h5 56. a4 Rf2 57. Bd5 h4 58. Rf7+ Kg5 59.
Rh7 Rh2 60. Be6 Kg6 61. Rh8 Kg7 62. Rh5 Kg6 63. Bg4 Ra2 64. a5 h3 65. Kc6 h2
66. Kb6 Re2 67. Rh8 Rb2+ 68. Ka7 Re2 69. a6 Re7+ 70. Kb8 1/2-1/2

[Event "17. Obert Int. Sant Marti 2015 - B"]
[Site "Barcelona ESP"]
[Date "2015.07.21"]
[Round "9.2"]
[White "Riu Lopez, Sergi"]
[Black "Madrid Sole, Antonio"]
[Result "1-0"]
[WhiteElo "2018"]
[BlackElo "2031"]
[PlyCount "95"]
[EventDate "2015.07.13"]
[EventType "swiss"]
[EventRounds "9"]
[EventCountry "ESP"]
[SourceTitle "Ajedrez en Madrid"]
[Source "lmi"]
[SourceDate "2015.07.13"]
[SourceVersion "1"]
[SourceVersionDate "2019.06.21"]
[SourceQuality "1"]

1. e4 d5 2. exd5 Qxd5 3. Nc3 Qd6 4. d4 Nf6 5. Nf3 c6 6. g3 Bg4 7. Bg2 e6 8. O-O
Be7 9. Bf4 Qd8 10. Qd2 O-O 11. Ne5 Bh5 12. a3 Nd5 13. Nxd5 exd5 14. Rfe1 Nd7
15. b4 Nf6 16. c3 Re8 17. Rac1 a5 18. Qb2 axb4 19. axb4 Bg6 20. Nxg6 hxg6 21.
Ra1 Qb6 22. Rxa8 Rxa8 23. Rxe7 Ra6 24. h3 Qa7 25. Re2 Qa8 26. Bg5 Nh7 27. Bf4
Nf6 28. Kh2 Nd7 29. Bf1 Ra1 30. Re8+ Qxe8 31. Qxa1 Nf6 32. Bg2 Qe2 33. Be3 Qc4
34. Bg5 Kh7 35. Bxf6 gxf6 36. Qe1 Kg7 37. Bf1 Qb3 38. Qe3 b5 39. Qd3 Qb2 40.
Kg1 Qc1 41. h4 Qe1 42. Qe3 Qa1 43. Kg2 Qb2 44. Be2 Qc2 45. h5 g5 46. Bg4 Qh7
47. Bd7 Qxh5 48. Bxc6 1-0

[Event "17. Obert Int. Sant Marti 2015 - B"]
[Site "Barcelona ESP"]
[Date "2015.07.21"]
[Round "9.3"]
[White "Nadal Fajardo, Ricard"]
[Black "Martinez Talavera, Jordi"]
[Result "1-0"]
[WhiteElo "2037"]
[BlackElo "2008"]
[PlyCount "67"]
[EventDate "2015.07.13"]
[EventType "swiss"]
[EventRounds "9"]
[EventCountry "ESP"]
[SourceTitle "Ajedrez en Madrid"]
[Source "lmi"]
[SourceDate "2015.07.13"]
[SourceVersion "1"]
[SourceVersionDate "2019.06.21"]
[SourceQuality "1"]

1. e4 e6 2. d4 d5 3. exd5 exd5 4. Bd3 Nf6 5. Ne2 Be7 6. Bg5 Nbd7 7. O-O h6 8.
Bh4 a6 9. Nd2 O-O 10. Nf3 c5 11. c3 c4 12. Bc2 b5 13. a3 Bb7 14. Bg3 a5 15. Ne5
Qb6 16. Nf4 Bd6 17. Nxd7 Nxd7 18. Qf3 Nf6 19. Nh5 Be7 20. Be5 Nxh5 21. Qxh5
Rfe8 22. Rae1 Bf8 23. Re3 g6 24. Rg3 Ra6 25. Qf3 Bg7 26. Qf4 Bc8 27. Re3 Qb7
28. Bxg7 Rae6 29. Qxh6 f5 30. Rxe6 Bxe6 31. Qxg6 Qf7 32. Qxf7+ Kxf7 33. Be5 Rg8
34. Re1 1-0

[Event "17. Obert Int. Sant Marti 2015 - B"]
[Site "Barcelona ESP"]
[Date "2015.07.21"]
[Round "9.4"]
[White "Riera Danes, Manel"]
[Black "Perez Garcia, Jose Miguel"]
[Result "0-1"]
[WhiteElo "1996"]
[BlackElo "2028"]
[PlyCount "94"]
[EventDate "2015.07.13"]
[EventType "swiss"]
[EventRounds "9"]
[EventCountry "ESP"]
[SourceTitle "Ajedrez en Madrid"]
[Source "lmi"]
[SourceDate "2015.07.13"]
[SourceVersion "1"]
[SourceVersionDate "2019.06.21"]
[SourceQuality "1"]

1. e4 c5 2. Nf3 e6 3. d4 cxd4 4. Nxd4 a6 5. Nc3 Qc7 6. Bd3 Nf6 7. O-O b5 8. a4
b4 9. Na2 Nc6 10. Nxc6 dxc6 11. Be3 c5 12. b3 Bb7 13. f3 Bd6 14. h3 Bh2+ 15.
Kh1 Be5 16. Rb1 Nh5 17. Re1 Bg3 18. Re2 Bh2 19. Rd2 Bf4 20. Bxf4 Qxf4 21. Nc1
Ng3+ 22. Kg1 Qe3+ 23. Rf2 Nh1 24. Qe2 Qxf2+ 25. Qxf2 Nxf2 26. Kxf2 Ke7 27. Bc4
a5 28. Nd3 Ba6 29. Bxa6 Rxa6 30. Nb2 Rd8 31. Nc4 Rd4 32. Ke2 f6 33. Rc1 f5 34.
exf5 exf5 35. Kf2 f4 36. Re1+ Re6 37. Rc1 Kf6 38. g3 fxg3+ 39. Kxg3 Rxc4 40.
bxc4 Re3 41. Rd1 Rc3 42. Rd6+ Ke7 43. Ra6 Rxc4 44. Rxa5 Rxc2 45. Rb5 Kd6 46. a5
Ra2 47. Kf4 Kd5 0-1